000
00300nam a22001337a 4500
008
180906b xxu||||| |||| 00| 0 eng d
020
_a
752063315156
041
_a
eng
080
_2
3 ed
_a
004
100
_a
30
101
_a
SHK
245
_a
Sams Teach Yourself C++
_c
Liberty.j
942
_2
udc
_c
BK
999
_c
47592
_d
47592